000 00654nam a2200241Ia 4500
003 OSt
005 20220927105209.0
006 a|||||r|||| 00| 0
007 ta
008 220926b |||||||| |||| 00| 0 eng d
024 _a159560
037 _cReference Collections
040 _aRTL
_cRTL
_beng
041 _2eng
_aeng
082 _a"X71.231.N51, J1"
110 _aBOMBAY
_9357243
245 0 _aBudget memorandum 1951-52
260 _aBombay
_bGovt. Central Press
_c1951
300 _a356p
_ccm.
700 _aBOMBAY
_9357245
942 _h"X71.231.N51, J1"
_cCC
999 _c691112
_d691112